| 000 | 00652nam a2200241 a 4500 | ||
|---|---|---|---|
| 001 | BRCA_5560 | ||
| 005 | 20190320205130.0 | ||
| 008 | 180211s1937----gw-a######---#000-0#ger-# | ||
| 041 | _ager | ||
| 044 | _agw | ||
| 050 | 4 |
_aNK2395 _b.H38 1937 |
|
| 100 | 1 |
_aHauth, Arthur _914190 |
|
| 245 | 1 | 0 |
_aSammlung _cArthur Hauth. |
| 260 |
_aColonia, Alemania _bMath-Lempertz _c1937 |
||
| 300 |
_a45 p. _bil., 54 láminas _c25 cm. |
||
| 500 | _aEstado físico: tapa un poco maltratada | ||
| 500 | _aF35 | ||
| 650 | 1 | 4 |
_aMuebles _zAlemania _94105 |
| 650 | 1 | 4 |
_aPorcelana _91509 |
| 650 | 1 | 4 |
_aDecoración y ornamentación _93592 |
| 902 | _aGFM | ||
| 942 |
_2lcc _cB |
||
| 999 |
_c5254 _d5254 |
||